| 000 | 00502nam a22001817a 4500 | ||
|---|---|---|---|
| 005 | 20240709092957.0 | ||
| 008 | 240709b |||||||| |||| 00| 0 eng d | ||
| 020 | _a9781455750177 | ||
| 082 |
_a616 _bGOL-G |
||
| 245 |
_aGoldman-Cecil Medicine / _cLee Goldman, Andrew i. Schafer |
||
| 250 | _a25th ed. | ||
| 260 |
_aAmerica : _bElsevier ; _c2016 |
||
| 300 |
_axi,`1108p. _bill; _c27.5 cm. |
||
| 500 | _aInclude index . | ||
| 650 | _aMedical / Medicine | ||
| 700 | _aAndrew i. Schafer | ||
| 999 |
_c36081 _d36081 |
||